000
00335nam a2200133Ia 4500
008
230817s2023 xx 000 0 und d
041
_a
eng
082
_a
3281/MUD
100
_a
Rohini Mudholkar
245
_a
General Principal of Political Science
250
_a
2019 Ed
260
_a
PUNE
_b
HIND LAW HOUSE,
_c
2023
300
_a
1-192Pp
999
_c
850599
_d
850599